| 000 | 00584nam a2200217Ia 4500 | ||
|---|---|---|---|
| 005 | 20250326144155.0 | ||
| 008 | 250326s9999 xx 000 0 und d | ||
| 020 | _a978-0-7432-3164-0 | ||
| 037 | _aTextbook | ||
| 040 |
_aFMSL _beng _cFMSL |
||
| 041 |
_aeng _2eng |
||
| 084 |
_aX:89Q P3 _qFMSL |
||
| 100 |
_aWomack JP _9749184 |
||
| 245 | 0 |
_aLean thinking _cWomack Jp; Jones Dt |
|
| 260 |
_aLOndon _bLOndon, Simon & Schuster _c2003 |
||
| 300 | _a396p | ||
| 365 | _b1204.5963999999999 | ||
| 650 | _aMarketing | ||
| 942 |
_cTB _hX:89Q P3 |
||
| 999 |
_c1302658 _d1302658 |
||